| 000 | 00383 a2200157 4500 | ||
|---|---|---|---|
| 001 | 151450 | ||
| 040 | _cEscola São Tomás de Aquino | ||
| 100 | _aBANDEIRA, Pedro | ||
| 240 | 1 | 0 |
_aO fantástico mistério de Feiurinha _lpor |
| 245 | 1 | 0 | _aO fantástico mistério de Feiurinha |
| 300 | _a64 | ||
| 362 | 0 | _a2009 | |
| 440 | 1 | _aModerna | |
| 697 | _a*LITERATURA INFANTO | ||
| 942 | _cBK | ||
| 999 |
_c151450 _d151450 |
||